Interventional radiology
Elmentve itt :
| Szerző: | |
|---|---|
| Dokumentumtípus: | Videó |
| Megjelent: |
2020-09-20
|
| Kulcsszavak: | radiológia diagnosztika |
| Tárgyszavak: | |
| Online Access: | http://eta.bibl.u-szeged.hu/3545 |
| LEADER | 00706ngm a2200205 i 4500 | ||
|---|---|---|---|
| 001 | eta3545 | ||
| 005 | 20211012115815.0 | ||
| 008 | 200930s2020 hu o 0|| eng d | ||
| 040 | |a SZTE Elektronikus Tananyag Archívum |b hun | ||
| 041 | |a eng | ||
| 100 | 1 | |a Nagy András | |
| 245 | 1 | 0 | |a Interventional radiology |h [elektronikus dokumentum] / |c Nagy András |
| 260 | |c 2020-09-20 | ||
| 516 | |a Video | ||
| 650 | 4 | |a Orvos- és egészségtudomány | |
| 650 | 4 | |a Klinikai orvostan | |
| 650 | 4 | |a Radiológia, sugárgyógyászat és orvosi képalkotás | |
| 695 | |a radiológia | ||
| 695 | |a diagnosztika | ||
| 856 | 4 | 0 | |u https://eta.bibl.u-szeged.hu/3545/1/Interventional%20Radiology%20lecture%202020voice.mp4 |z Dokumentum-elérés |